Richard Adam

Hlavní autor: Adam, Richard, 1930-2017
Korporativní autor: Orchestr Karla Vlacha
Další autoři: Simonová, Yvetta, 1928-
Jazyk: Čeština
Vydáno: Praha : Supraphon, p2010
Témata:
Fyzický popis: 1 zvuková deska (66:38) : digital, stereo : 12 cm
Zvukové nahrávky
Uloženo v:
LEADER 02156njm a2200457 a 4500
001 001130704
003 CZ BrMZK
005 20101210101838.0
007 sd fsngnnmmned
008 101130p20101956xr ppn g cze d
024 3 |a 099925596323 
028 0 1 |a SU 5963-2  |b Supraphon 
040 |a BOA001  |b cze 
041 0 |d cze  |d ger 
048 |b vu01  |a od01 
072 7 |a 784  |x Vokální hudba  |2 Konspekt  |9 9 
080 |a 784.4  |2 MRF 
080 |a (086.76)  |2 MRF 
100 1 |a Adam, Richard,  |d 1930-2017  |7 jn20000728001  |4 sng 
245 1 0 |a Richard Adam  |h [zvukový záznam] 
260 |a Praha :  |b Supraphon,  |c p2010 
300 |a 1 zvuková deska (66:38) :  |b digital, stereo :  |c 12 cm 
306 |a 010638 
500 |a Kompaktní deska (AAD) 
500 |a Původní fonogramy p1956-2007 různá vydavatelství 
505 0 0 |t Páni kluci --  |t Příliš mlád --  |t Příběh naší lásky --  |t Měsíc ve víně --  |t Vteřiny jdou --  |t Vyřiďte jí, že se vracím --  |t Můj strýček --  |t Mein kleiones Zelt --  |t Šťastný příběh --  |t Cikánka --  |t Šestnáct se víckrát nevrátí --  |t Serenáda --  |t Sulika --  |t Srdce mé odešlo --  |t Chci říci vám --  |t Dájo, nevolej --  |t S ženskejma je kříž --  |t Vlak jede krajinou --  |t Nejhezčí růže --  |t I to se stává 
511 1 |a Richard Adam, zpěv ; Yvetta Simonová, zpěv ; Karel Vlach se svým orchestrem a další 
650 0 7 |a populární písně  |7 ph124354  |y 1951-1960  |2 czenas 
650 0 7 |a populární písně  |7 ph124354  |y 1961-1970  |2 czenas 
650 0 7 |a populární písně  |7 ph124354  |y 1971-1980  |2 czenas 
650 0 7 |a populární písně  |7 ph124354  |y 1971-1980  |2 czenas 
650 0 7 |a populární písně  |7 ph124354  |y 1981-1990  |2 czenas 
650 0 7 |a populární písně  |7 ph124354  |y 1991-2000  |2 czenas 
650 0 7 |a populární písně  |7 ph124354  |y 2001-2010  |2 czenas 
655 7 |a kompaktní desky  |7 fd201991  |2 czenas 
700 1 |a Simonová, Yvetta,  |d 1928-  |7 jn20000402214  |4 sng 
710 2 |a Orchestr Karla Vlacha  |7 kn20010710270 
910 2 |a BOA001  |b CDR-1250.108 
990 |a AV 
991 |b 201012 
996 6 |b 2610455760  |c CDR-1250.108  |l MZK  |r Sklad / do 24 hodin  |n 0  |p p.v.  |w 001160128  |u 000010  |a 1  |e BOA001  |j MZK50  |s P